Loading...

COMPREHENSIVE ANALYTICAL CHEMISTRY

Bibliographic Details
Format: Printed Book
Published: New York Elsevier 1962
Subjects:
LEADER 00539nam a2200181 4500
020 |c 140 
082 |a 543 WIL 
100
245 |a COMPREHENSIVE ANALYTICAL CHEMISTRY  |h ENGLISH 
250
260 |a New York  |b Elsevier  |c 1962 
300 |a 728  |f HB 
500 |a   
590 |d SHILLI 140 
650 |a COMPREHENSIVE ANALYTICAL CHEMISTRY 
942 |c BK 
999 |c 119115  |d 119115 
952 |0 0  |1 0  |4 0  |6 543_000000000000000_WIL  |7 0  |9 132580  |a CHE  |b CHE  |g 140.00  |l 0  |o 543 WIL  |p CHE421  |r 2019-10-15  |w 2019-10-15  |y BK